<The> Swedish journal of economics

Uložené v:
Podrobná bibliografia
Médium: Seriál
Jazyk:English
Vydavateľské údaje: Uppsala Almqvist and Wiksells AB. 1965
Tagy: Pridať tag
Žiadne tagy, Buďte prvý, kto otaguje tento záznam!

MARC

LEADER 00000nas2a2200000$$$4500
001 0021218
005 20250730114413.2
041 0 |a eng 
044 |a SE 
245 1 0 |a <The> Swedish journal of economics 
264 1 |a Uppsala  |b Almqvist and Wiksells AB.  |c 1965 
300 |a 1 zv. 
773 0 |w eu_un_cat*0021217